[Event "SR 1. liga zapad 2012/2013"]
[Site "?"]
[Date "2013.02.03"]
[Round "7.3"]
[White "Hajek, Lukas"]
[Black "Castiglione, Mario"]
[Result "1/2-1/2"]
[WhiteElo "2155"]
[BlackElo "2282"]
[PlyCount "114"]
[EventDate "2012.??.??"]

1. d4 Nf6 2. c4 d6 3. Nc3 Bf5 4. Nf3 Nc6 5. g3 Qd7 6. Bg2 Bh3 7. O-O Bxg2 8.
Kxg2 g6 9. e4 Bg7 10. Rb1 O-O 11. b4 Rad8 12. h3 e6 13. Be3 d5 14. exd5 exd5
15. c5 Qf5 16. a4 Ne4 17. Qb3 Rfe8 18. Rfc1 a5 19. b5 Nb4 20. Na2 g5 21. Nxb4
axb4 22. Qxb4 Re6 23. Qb2 Rde8 24. a5 Nxf2 25. Bxf2 Re2 26. Re1 R8e3 27. Rxe2
Qxf3+ 28. Kf1 Qh1+ 29. Bg1 Rf3+ 30. Rf2 Qxh3+ 31. Ke1 Qxg3 32. Bh2 Re3+ 33. Kf1
Qh4 34. a6 Bxd4 35. a7 Qh3+ 36. Kg1 Qg4+ 37. Kf1 Bxb2 38. a8=Q+ Kg7 39. Rfxb2
Rf3+ 40. Rf2 Qh3+ 41. Kg1 Rxf2 42. Qa1+ f6 43. Kxf2 Qxh2+ 44. Kf1 Qf4+ 45. Kg2
d4 46. Qb2 Qe4+ 47. Kg1 Kg6 48. Rf1 f5 49. Qa2 f4 50. Rf2 Qe1+ 51. Kg2 Qe4+ 52.
Kg1 Qe3 53. Kf1 Qh3+ 54. Kg1 Qg4+ 55. Kf1 Qd1+ 56. Kg2 h6 57. Qe6+ Kg7 1/2-1/2

[Event "SR 1. liga zapad 2012/2013"]
[Site "?"]
[Date "2013.02.03"]
[Round "7.3"]
[White "Havlicek, Libor"]
[Black "Schwarz, Dusan"]
[Result "0-1"]
[WhiteElo "2299"]
[BlackElo "2305"]
[PlyCount "51"]
[EventDate "2012.??.??"]

1. d4 d5 2. Nf3 Nf6 3. g3 c6 4. Bg2 Bf5 5. O-O h6 6. c4 e6 7. Nc3 Nbd7 8. Nd2
Be7 9. b3 Qb6 10. c5 Qb4 11. Ndb1 e5 12. e3 Qa5 13. a3 O-O 14. b4 Qc7 15. Nd2
Rfe8 16. e4 dxe4 17. Ndxe4 Rad8 18. dxe5 Nxe4 19. Nxe4 Bxe4 20. Bxe4 Qxe5 21.
Qc2 Nf6 22. Bd3 Rxd3 23. Qxd3 Qxa1 24. Bxh6 Qe5 25. Bf4 Qe4 26. Qxe4 0-1

[Event "SR 1. liga zapad 2012/2013"]
[Site "?"]
[Date "2013.02.03"]
[Round "7.3"]
[White "Krajnak, Robert"]
[Black "Kovac, Andrej"]
[Result "0-1"]
[WhiteElo "2075"]
[BlackElo "2148"]
[PlyCount "54"]
[EventDate "2012.??.??"]

1. c4 e5 2. Nc3 Nc6 3. g3 g6 4. Bg2 Bg7 5. Rb1 d6 6. b4 f5 7. e3 e4 8. f4 a5 9.
a3 axb4 10. axb4 Nf6 11. d4 d5 12. c5 O-O 13. Nge2 h6 14. Bd2 b6 15. b5 Na5 16.
O-O Nc4 17. c6 Be6 18. Nc1 Ne8 19. Nb3 Ned6 20. Ra1 Qe7 21. Qe2 g5 22. Rxa8
Rxa8 23. Ra1 Rxa1+ 24. Nxa1 Nxd2 25. Qxd2 Nc4 26. Qc1 Qb4 27. Bf1 Nxe3 0-1

[Event "SR 1. liga zapad 2012/2013"]
[Site "?"]
[Date "2013.02.03"]
[Round "7.3"]
[White "Kubala, Jan"]
[Black "Janos, Jozef"]
[Result "1-0"]
[WhiteElo "2230"]
[BlackElo "2152"]
[PlyCount "113"]
[EventDate "2012.??.??"]

1. e4 c5 2. Nf3 d6 3. d4 cxd4 4. Nxd4 Nf6 5. Nc3 a6 6. Be2 e6 7. O-O Be7 8. a4
O-O 9. f4 Qc7 10. Kh1 Nc6 11. Be3 Nxd4 12. Qxd4 e5 13. Qd3 exf4 14. Bxf4 Be6
15. Rad1 Rfd8 16. Qg3 Qc6 17. Bh6 Ne8 18. Bg4 Qd7 19. Bh5 g6 20. Bf4 Qc6 21.
Bg4 Bf6 22. Bxe6 fxe6 23. e5 Be7 24. Bg5 Bxg5 25. Qxg5 Ng7 26. exd6 Rxd6 27.
Rxd6 Qxd6 28. Ne4 Qc7 29. Qf6 Qd7 30. Qe5 Qc6 31. Nf6+ Kh8 32. Qd4 Rf8 33. Rf2
e5 34. Qh4 h5 35. Qg5 Rxf6 36. Qxf6 Qxa4 37. h3 Qd4 38. c3 Qe3 39. Rf3 Qc1+ 40.
Kh2 e4 41. Rg3 Qd2 42. Qxg6 Qd7 43. Qxe4 Qc7 44. Qg6 Qe5 45. Qxg7+ Qxg7 46.
Rxg7 Kxg7 47. Kg3 Kf6 48. Kf4 a5 49. g4 hxg4 50. hxg4 b5 51. Ke4 b4 52. cxb4
axb4 53. Kd4 Kg5 54. Kc4 Kxg4 55. Kxb4 Kf5 56. Kc5 Ke6 57. Kc6 1-0

[Event "SR 1. liga zapad 2012/2013"]
[Site "?"]
[Date "2013.02.03"]
[Round "7.3"]
[White "Machalec, Vladimir"]
[Black "Sosovicka, Juraj"]
[Result "0-1"]
[WhiteElo "1938"]
[BlackElo "2089"]
[PlyCount "118"]
[EventDate "2012.??.??"]

1. c4 e5 2. Nc3 Nf6 3. g3 c6 4. Bg2 d5 5. cxd5 cxd5 6. Nf3 e4 7. Nd4 Bc5 8. Nb3
Bb6 9. O-O O-O 10. d3 Qe7 11. Bg5 Rd8 12. Qc2 exd3 13. Qxd3 Be6 14. Rac1 Nc6
15. Na4 Nb4 16. Qb1 h6 17. Bxf6 Qxf6 18. Nxb6 axb6 19. a3 Nc6 20. Qc2 Rac8 21.
Qd2 d4 22. Qd3 Ne5 23. Qb5 Bc4 24. Rxc4 Nxc4 25. Bxb7 Rc7 26. Be4 Qe5 27. Qxe5
Nxe5 28. Rd1 Rcd7 29. Bd3 Nxd3 30. Rxd3 Rd5 31. Nd2 Rc8 32. Kg2 Rc2 33. b4 f5
34. Kf3 Kf7 35. e4 fxe4+ 36. Kxe4 Rd8 37. f4 Rc3 38. Nb1 Rxd3 39. Kxd3 Ke6 40.
Nd2 Kd5 41. a4 Rc8 42. a5 Rc3+ 43. Ke2 bxa5 44. bxa5 Ra3 45. a6 Rxa6 46. Kd3
Ra3+ 47. Ke2 Ra2 48. Kd3 Ra1 49. Ke2 Rh1 50. h4 Rh2+ 51. Kd3 Rg2 52. Nf1 Rg1
53. Ke2 Rxf1 54. Kxf1 Kc4 55. Ke2 Kc3 56. Kd1 Kd3 57. g4 Ke4 58. f5 Kf4 59. g5
hxg5 0-1

[Event "SR 1. liga zapad 2012/2013"]
[Site "?"]
[Date "2013.02.03"]
[Round "7.4"]
[White "Bezuch, Martin"]
[Black "Kimerling, Martin"]
[Result "0-1"]
[WhiteElo "2291"]
[BlackElo "2027"]
[PlyCount "94"]
[EventDate "2012.??.??"]

1. Nf3 Nf6 2. g3 g6 3. Bg2 Bg7 4. O-O O-O 5. d3 d6 6. e4 c5 7. Re1 Nc6 8. c3
Bg4 9. h3 Bd7 10. Nbd2 Rc8 11. a3 b5 12. b4 a5 13. Rb1 cxb4 14. cxb4 e5 15. Qb3
Be6 16. Qb2 axb4 17. axb4 Nd7 18. Nf1 Nb6 19. Be3 Na4 20. Qd2 Nd4 21. Nxd4 exd4
22. Bh6 Bxh6 23. Qxh6 Rc3 24. Nd2 Rxd3 25. Nf3 Qf6 26. Ng5 Qg7 27. Qxg7+ Kxg7
28. Bf1 Ra3 29. Rbd1 Bc4 30. Kg2 d3 31. Nf3 Re8 32. Rd2 Rb3 33. Re3 Rxb4 34.
Bxd3 Nb2 35. Bc2 Ba2 36. Ra3 Bb1 37. Rb3 Rxb3 38. Bxb3 Nc4 39. Bxc4 bxc4 40.
Rxd6 Bxe4 41. Rd4 c3 42. Rc4 c2 43. g4 Rd8 44. Kh2 Rd1 45. Ng5 Bd3 46. Rc7 c1=Q
47. Rxf7+ Kg8 0-1

[Event "SR 1. liga zapad 2012/2013"]
[Site "?"]
[Date "2013.02.03"]
[Round "7.4"]
[White "Briestensky, Rastislav"]
[Black "Janos, Ivan"]
[Result "1-0"]
[WhiteElo "2296"]
[BlackElo "2145"]
[PlyCount "77"]
[EventDate "2012.??.??"]

1. e4 c5 2. Nf3 d6 3. d4 cxd4 4. Nxd4 Nf6 5. Bd3 e5 6. Nb3 Be7 7. c4 O-O 8. O-O
Be6 9. Nc3 Nc6 10. Nd5 Rc8 11. Bd2 Re8 12. Rc1 b6 13. Qe2 Nd7 14. Be3 Nc5 15.
Bc2 Bg5 16. Nxc5 dxc5 17. Ba4 Bxe3 18. Qxe3 Bd7 19. Bxc6 Bxc6 20. Rfd1 Qh4 21.
a3 Qh5 22. f3 h6 23. b4 Bb7 24. b5 Kh8 25. a4 f5 26. a5 f4 27. Qa3 Qg6 28. Rd2
Qe6 29. Rcd1 Qg6 30. Nc3 Re6 31. Rd7 Ba8 32. Rxa7 Rd6 33. Nd5 Bxd5 34. cxd5
bxa5 35. Qxa5 Rb8 36. Ra8 Qe8 37. Rxb8 Qxb8 38. Rc1 Qc8 39. Qa3 1-0

[Event "SR 1. liga zapad 2012/2013"]
[Site "?"]
[Date "2013.02.03"]
[Round "7.4"]
[White "Frindt, Kornel"]
[Black "Certek, Pavel"]
[Result "1-0"]
[WhiteElo "2189"]
[BlackElo "2315"]
[PlyCount "145"]
[EventDate "2012.??.??"]

1. e4 c5 2. Nf3 Nc6 3. Bb5 g6 4. Bxc6 dxc6 5. d3 f6 6. h3 e5 7. Nc3 Nh6 8. O-O
Nf7 9. Nh2 Bd6 10. f4 exf4 11. Bxf4 O-O 12. Qe2 Bxf4 13. Rxf4 Ng5 14. Kh1 Ne6
15. Rf2 Nd4 16. Qd2 Kg7 17. Raf1 Qe7 18. Nd1 Bd7 19. Ne3 h5 20. Qc3 b6 21. a4
a5 22. Nf3 Nxf3 23. Rxf3 Be6 24. Qe1 Qd6 25. b3 Rf7 26. Rg3 Rh8 27. Nf5+ Bxf5
28. exf5 g5 29. Re3 Qd5 30. Qe2 Kh6 31. Re4 Kg7 32. Qe3 Rd8 33. Qf3 Rh8 34.
Rfe1 b5 35. c4 Qd7 36. Re6 bxa4 37. bxa4 Qd4 38. Re7 g4 39. Rxf7+ Kxf7 40. Qxc6
Rd8 41. Qe6+ Kg7 42. Qe7+ Kg8 43. hxg4 hxg4 44. Re4 Qa1+ 45. Re1 Qd4 46. Re3
Rb8 47. Kh2 Qf4+ 48. Kg1 Kh8 49. Qxf6+ Kg8 50. Qg6+ Kf8 51. Qf6+ Kg8 52. Qe6+
Kf8 53. Re1 g3 54. Qe7+ Kg8 55. Qxc5 Rd8 56. Qb6 Qh4 57. Qe6+ Kf8 58. Re3 Qh2+
59. Kf1 Qh1+ 60. Ke2 Qxg2+ 61. Kd1 Qg1+ 62. Kd2 Qg2+ 63. Re2 Qa8 64. Qh6+ Kf7
65. Qg6+ Kf8 66. Qf6+ Kg8 67. Re7 Qg2+ 68. Kc3 Rxd3+ 69. Kxd3 Qf1+ 70. Ke3 Qe1+
71. Kf4 Qd2+ 72. Kg4 Qd1+ 73. Kg5 1-0

[Event "SR 1. liga zapad 2012/2013"]
[Site "?"]
[Date "2013.02.03"]
[Round "7.4"]
[White "Gazi, Mikulas"]
[Black "Privara, Igor"]
[Result "1/2-1/2"]
[WhiteElo "2103"]
[BlackElo "2278"]
[PlyCount "64"]
[EventDate "2012.??.??"]

1. e4 c5 2. Nf3 Nc6 3. d4 cxd4 4. Nxd4 g6 5. Nc3 Bg7 6. Be3 Nf6 7. f3 O-O 8.
Qd2 d5 9. O-O-O Nxd4 10. Bxd4 dxe4 11. Nxe4 Nxe4 12. fxe4 Be6 13. Bxg7 Qxd2+
14. Rxd2 Kxg7 15. Bb5 Rac8 16. Bd7 Rc7 17. Bxe6 fxe6 18. Rhd1 Rfc8 19. c3 Kf6
20. Rf1+ Ke5 21. Rf7 h5 22. Kc2 b5 23. Rd4 a5 24. a3 g5 25. g3 Rg8 26. Rh7 Kf6
27. Rxh5 Kg6 28. g4 Rf8 29. Rh3 Rf2+ 30. Kc1 Rf1+ 31. Kc2 Rf2+ 32. Kc1 Rf1+
1/2-1/2

[Event "SR 1. liga zapad 2012/2013"]
[Site "?"]
[Date "2013.02.03"]
[Round "7.4"]
[White "Hartl, Jan"]
[Black "Petran, Peter"]
[Result "0-1"]
[WhiteElo "2133"]
[BlackElo "2277"]
[PlyCount "68"]
[EventDate "2012.??.??"]

1. e4 g6 2. d4 Bg7 3. Nc3 c6 4. Nf3 d6 5. Be3 Nf6 6. a3 b5 7. h3 O-O 8. Bd3
Nbd7 9. Ne2 e5 10. c3 a6 11. O-O Re8 12. Ng3 Bb7 13. Qd2 exd4 14. cxd4 c5 15.
d5 Rc8 16. Rfe1 c4 17. Bc2 Nc5 18. Bd4 Nfd7 19. Re2 Ne5 20. Nxe5 dxe5 21. Be3
Qe7 22. Rd1 Red8 23. Bh6 f6 24. Nf1 Rd6 25. Bxg7 Qxg7 26. Ne3 Rf8 27. g3 Bc8
28. Kg2 f5 29. Nf1 f4 30. f3 fxg3 31. Kxg3 Ne6 32. Qe3 Nd4 33. Rf2 Qd7 34. Rh2
Rdf6 0-1

[Event "SR 1. liga zapad 2012/2013"]
[Site "?"]
[Date "2013.02.03"]
[Round "7.4"]
[White "Janko, Zoltan"]
[Black "Nikel, Rastislav"]
[Result "1/2-1/2"]
[WhiteElo "2283"]
[BlackElo "2073"]
[PlyCount "151"]
[EventDate "2012.??.??"]

1. e4 e5 2. Nf3 Nc6 3. d4 exd4 4. Nxd4 Nf6 5. Nxc6 bxc6 6. e5 Qe7 7. Qe2 Nd5 8.
c4 Ba6 9. Nd2 Nf4 10. Qe4 Ne6 11. Be2 g6 12. O-O Bg7 13. f4 f5 14. Qe3 Qc5 15.
Nf3 Qxe3+ 16. Bxe3 c5 17. Rfd1 Rb8 18. Rd2 Ke7 19. Rad1 Rhd8 20. b3 d6 21. Bf2
dxe5 22. Bh4+ Bf6 23. Bxf6+ Kxf6 24. Nxe5 Nd4 25. Kf2 Bb7 26. b4 Ke7 27. bxc5
Nxe2 28. Kxe2 Rxd2+ 29. Rxd2 Rd8 30. Rxd8 Kxd8 31. c6 Bc8 32. Ke3 Ke7 33. Kd4
Kd6 34. c5+ Ke6 35. Nd3 Ba6 36. Nb4 Bb5 37. Nd5 Bxc6 38. Nxc7+ Kd7 39. Nd5 Ke6
40. Ne3 Bb5 41. Nc4 Bc6 42. g3 Ba4 43. Ne5 Bb5 44. h4 Be2 45. Nc6 a6 46. Nd8+
Ke7 47. Nb7 Bf3 48. Na5 Ke6 49. c6 Kd6 50. Nc4+ Kc7 51. Ne5 Bg2 52. Kc5 Be4 53.
Nd7 Bxc6 54. Nf8 Be4 55. Nxh7 Bb1 56. Nf8 Bxa2 57. Nxg6 Kd7 58. Kb6 Ke6 59.
Kxa6 Bc4+ 60. Kb6 Be2 61. Kc5 Bd1 62. Ne5 Be2 63. Nc6 Bh5 64. Nd4+ Kf6 65. Kd6
Be8 66. Ne6 Bf7 67. Nc7 Bc4 68. Nd5+ Kg6 69. Ke5 Bd3 70. Ne7+ Kh5 71. Nxf5 Kg4
72. Ne3+ Kxg3 73. Ng2 Kg4 74. Kd4 Bb1 75. Ke3 Kg3 76. h5 1/2-1/2

[Event "SR 1. liga zapad 2012/2013"]
[Site "?"]
[Date "2013.02.03"]
[Round "7.4"]
[White "Ruckschloss, Karol"]
[Black "Michal, Silvio"]
[Result "1-0"]
[WhiteElo "2242"]
[BlackElo "2105"]
[PlyCount "93"]
[EventDate "2012.??.??"]

1. c4 Nf6 2. d4 e6 3. Nf3 Bb4+ 4. Bd2 Bxd2+ 5. Nbxd2 b6 6. e4 d6 7. Bd3 c5 8.
d5 e5 9. h3 O-O 10. Nf1 a6 11. a4 Ne8 12. g4 g6 13. Qd2 Ra7 14. Ng3 Ng7 15. Qh6
f6 16. Rg1 Nd7 17. Ke2 Rf7 18. h4 Nf8 19. Nh2 Bd7 20. f3 Rb7 21. Nhf1 b5 22.
axb5 axb5 23. b3 bxc4 24. Bxc4 Bc8 25. Ne3 Ra7 26. Bd3 Rfb7 27. Bc2 Bd7 28. Nc4
Bb5 29. Bd3 Bxc4 30. Bxc4 Qa8 31. Rxa7 Rxa7 32. Rd1 Qb7 33. g5 Ra2+ 34. Rd2
Rxd2+ 35. Kxd2 Ne8 36. h5 Qb4+ 37. Ke2 Qa5 38. hxg6 Qa2+ 39. Kf1 Qb1+ 40. Kg2
Qc2+ 41. Kh3 Nxg6 42. Bb5 f5 43. exf5 Nf4+ 44. Kg4 Ng7 45. f6 Ngh5 46. Nxh5
Nxh5 47. Qxh5 1-0

[Event "SR 1. liga zapad 2012/2013"]
[Site "?"]
[Date "2013.02.03"]
[Round "7.4"]
[White "Srna, Jan"]
[Black "Kolcak, Marek"]
[Result "1/2-1/2"]
[WhiteElo "1984"]
[BlackElo "2167"]
[PlyCount "65"]
[EventDate "2012.??.??"]

1. d4 d5 2. Nf3 Nf6 3. b3 e6 4. a3 Bd6 5. Bb2 b6 6. e3 O-O 7. c4 dxc4 8. bxc4
Bb7 9. Bd3 Nbd7 10. O-O Re8 11. h3 e5 12. Be2 exd4 13. exd4 Qe7 14. Nc3 Nh5 15.
Bc1 Nf4 16. Bxf4 Bxf4 17. Bd3 c5 18. d5 Ne5 19. Nxe5 Bxe5 20. Rc1 Qf6 21. Ne4
Qf4 22. Ng3 Bb2 23. Rc2 Bxa3 24. Bxh7+ Kh8 25. Bf5 Qh6 26. Re2 Bb4 27. d6 g6
28. Rxe8+ Rxe8 29. Qa4 Qf8 30. Bd7 Ra8 31. Rd1 a5 32. Qc2 Rd8 33. Qa4 1/2-1/2

[Event "SR 1. liga zapad 2012/2013"]
[Site "?"]
[Date "2013.02.03"]
[Round "7.4"]
[White "Zetocha, Claudiu"]
[Black "Tibensky, Robert"]
[Result "1/2-1/2"]
[WhiteElo "2360"]
[BlackElo "2396"]
[PlyCount "57"]
[EventDate "2012.??.??"]

1. e4 e6 2. d3 d5 3. Qe2 Ne7 4. Nf3 c5 5. g3 Nbc6 6. Bg2 g6 7. O-O Bg7 8. c3 h6
9. h4 b6 10. Re1 Ba6 11. e5 Qc7 12. Na3 O-O-O 13. Bd2 b5 14. b4 c4 15. Nc2 Bb7
16. Ncd4 a6 17. a4 Nxd4 18. Nxd4 Nc6 19. Nxc6 Bxc6 20. dxc4 bxc4 21. b5 Bb7 22.
Rab1 axb5 23. axb5 Kd7 24. b6 Qc6 25. Qf3 Ke7 26. Qf4 Ra8 27. Be3 Ra5 28. Bd4
Ra6 29. Qe3 1/2-1/2

[Event "SR 1. liga zapad 2012/2013"]
[Site "?"]
[Date "2013.02.03"]
[Round "7.5"]
[White "Hudoba, Ondrej"]
[Black "Bottyan, Peter"]
[Result "1/2-1/2"]
[WhiteElo "2140"]
[BlackElo "2262"]
[PlyCount "145"]
[EventDate "2012.??.??"]

1. e4 e6 2. d4 d5 3. e5 c5 4. c3 Nc6 5. Nf3 Qb6 6. a3 Nh6 7. Bd3 cxd4 8. cxd4
Nf5 9. Bxf5 exf5 10. Nc3 Be6 11. O-O h6 12. b4 Be7 13. Qd3 O-O 14. Bd2 a6 15.
Rac1 Rfc8 16. Na4 Qa7 17. Rc2 b6 18. Rfc1 Nd8 19. Qb3 Rc4 20. Nb2 b5 21. Qe3
Rac8 22. Nxc4 dxc4 23. d5 Qxe3 24. Bxe3 Bxd5 25. Nd4 Be4 26. Rc3 Nc6 27. f3
Nxd4 28. Bxd4 Bd5 29. Bb6 Rc6 30. Ba5 f6 31. Rd1 Be6 32. Bd8 Kf7 33. Bxe7 Kxe7
34. exf6+ Kxf6 35. f4 g5 36. g3 Bf7 37. Kf2 Re6 38. Re3 Rc6 39. Rc3 Re6 40. Re3
Rc6 41. Rd2 Bh5 42. Ke1 Bf7 43. Rf2 Bd5 44. Kd2 g4 45. Kc3 Be4 46. Rd2 Ke6 47.
a4 Kf6 48. axb5 axb5 49. Ra2 Rd6 50. Ra5 Rd5 51. Ra6+ Kg7 52. Re6 Rd7 53. Re5
Rb7 54. Kd4 Kf6 55. Ra3 Rd7+ 56. Ke3 Rb7 57. Ra6+ Kg7 58. Rd6 c3 59. Rxe4 fxe4
60. Rc6 Ra7 61. Rxc3 Ra4 62. Rb3 Ra2 63. Kxe4 Kf6 64. Kd4 Rxh2 65. Kc5 h5 66.
Kxb5 h4 67. gxh4 Kf5 68. Kc5 Kxf4 69. b5 Rxh4 70. b6 Rh8 71. b7 Rb8 72. Kc6 g3
73. Kc7 1/2-1/2

[Event "SR 1. liga zapad 2012/2013"]
[Site "?"]
[Date "2013.02.03"]
[Round "7.6"]
[White "Baranek, Jozef"]
[Black "Svaralova, Monika"]
[Result "1-0"]
[WhiteElo "2140"]
[BlackElo "2021"]
[PlyCount "91"]
[EventDate "2012.??.??"]

1. g3 d5 2. c4 c6 3. Bg2 Nf6 4. Nf3 Bf5 5. b3 Nbd7 6. Bb2 Qb6 7. d3 dxc4 8.
dxc4 Rd8 9. O-O Nc5 10. Qc1 Nce4 11. e3 e6 12. Nc3 Nc5 13. Nd4 Nd3 14. Qd2 Bg6
15. Na4 Qc7 16. Qc3 Bb4 17. Qc2 e5 18. Nf3 Nf4 19. Bxe5 Qe7 20. Qb2 Ba3 21.
Bxf6 gxf6 22. exf4 Bxb2 23. Nxb2 O-O 24. Rfe1 Qa3 25. Nd1 Rfe8 26. Ne3 Be4 27.
Ng4 Kg7 28. Nh4 Bxg2 29. Nf5+ Kf8 30. Rxe8+ Rxe8 31. Kxg2 Qb2 32. Rd1 Qc2 33.
Nge3 Qxa2 34. Rd7 Qxb3 35. Nd6 Rxe3 36. fxe3 Qxe3 37. Rd8+ Ke7 38. Nf5+ Kxd8
39. Nxe3 Kc7 40. Kf3 Kd6 41. Ke2 Kc5 42. Kd3 Kb4 43. Kc2 a5 44. h4 h5 45. g4
hxg4 46. h5 1-0

[Event "SR 1. liga zapad 2012/2013"]
[Site "?"]
[Date "2013.02.03"]
[Round "7.6"]
[White "Barczi, Tibor"]
[Black "Gazik, Viktor"]
[Result "1-0"]
[WhiteElo "2070"]
[BlackElo "2059"]
[PlyCount "79"]
[EventDate "2012.??.??"]

1. d4 Nf6 2. e3 g6 3. g3 Bg7 4. Bg2 d6 5. f4 e5 6. dxe5 dxe5 7. Qxd8+ Kxd8 8.
Nf3 exf4 9. exf4 Re8+ 10. Kd1 Ne4 11. Re1 Nd7 12. c3 Ndc5 13. Be3 Nd3 14. Re2
c5 15. Kc2 Bf5 16. Nh4 c4 17. Nxf5 gxf5 18. Na3 b5 19. g4 Rc8 20. gxf5 Nd6 21.
Bf3 b4 22. Nxc4 Nxc4 23. Kxd3 bxc3 24. bxc3 Nxe3 25. Rc1 Nxf5 26. Rxe8+ Kxe8
27. Be4 Rc5 28. c4 h5 29. Rg1 Kf8 30. Rg5 Bh6 31. Rxh5 Bxf4 32. h3 Ra5 33. Rxf5
Be5 34. Bd5 f6 35. Rf2 Ra3+ 36. Ke4 Rxh3 37. Rg2 Rh4+ 38. Kf5 Rf4+ 39. Ke6 Rd4
40. Kd7 1-0

[Event "SR 1. liga zapad 2012/2013"]
[Site "?"]
[Date "2013.02.03"]
[Round "7.6"]
[White "Berek, Geza"]
[Black "Dobrotka, Martin"]
[Result "1/2-1/2"]
[WhiteElo "2158"]
[BlackElo "2235"]
[PlyCount "120"]
[EventDate "2012.??.??"]

1. e4 c5 2. Nf3 Nc6 3. d4 cxd4 4. Nxd4 e5 5. Nb5 a6 6. Nd6+ Bxd6 7. Qxd6 Qe7 8.
Qd1 d6 9. Nc3 Be6 10. Nd5 Qd8 11. Be3 Bxd5 12. exd5 Nce7 13. c4 Nf6 14. Bd3 h6
15. f3 Qa5+ 16. Qd2 Qxd2+ 17. Kxd2 O-O 18. Rhe1 Rac8 19. Rac1 Rfe8 20. b3 Nd7
21. g4 Nc5 22. Bb1 a5 23. h4 f6 24. f4 Nd7 25. f5 Kf7 26. g5 hxg5 27. hxg5 fxg5
28. Bxg5 Nf6 29. Bd3 Rh8 30. Rh1 b6 31. Be3 Nd7 32. Rcf1 Nc5 33. Bc2 Rxh1 34.
Rxh1 Ng8 35. Rh8 Nd7 36. Bd1 Kf6 37. Bf2 Kxf5 38. Bc2+ Kf6 39. Bh4+ g5 40. Bf2
Rf8 41. Be3 Nc5 42. a3 Nd7 43. Rh7 Rd8 44. Rh5 Kf7 45. Rh7+ Kf6 46. Rh5 Kf7 47.
Bxg5 Ngf6 48. Rh7+ Nxh7 49. Bxd8 Nhf6 50. Bf5 Ke8 51. Bc7 Ke7 52. Bxd7 Nxd7 53.
Kc3 e4 54. b4 axb4+ 55. axb4 e3 56. Kc2 Ne5 57. Bxb6 Nxc4 58. Bd4 e2 59. Bc3
Ne3+ 60. Kd3 Nxd5 1/2-1/2

[Event "SR 1. liga zapad 2012/2013"]
[Site "?"]
[Date "2013.02.03"]
[Round "7.6"]
[White "Bona, Zoltan"]
[Black "Pinter, Patrik"]
[Result "0-1"]
[WhiteElo "1948"]
[BlackElo "2164"]
[PlyCount "84"]
[EventDate "2012.??.??"]

1. e4 g6 2. d4 Bg7 3. Nf3 c5 4. c3 Nc6 5. dxc5 Nf6 6. Nbd2 Qc7 7. Be2 Ne5 8.
O-O Nxf3+ 9. Bxf3 Qxc5 10. Nb3 Qc7 11. g3 d6 12. Be3 O-O 13. Nd4 a6 14. Nc2 Bh3
15. Re1 h5 16. Nb4 e6 17. Bf4 Rfd8 18. e5 dxe5 19. Bxe5 Qe7 20. Qe2 Rd7 21.
Rad1 Rad8 22. Rxd7 Rxd7 23. Rd1 Rxd1+ 24. Qxd1 Bg4 25. Bxg4 Nxg4 26. Bxg7 Kxg7
27. Qd4+ Qf6 28. Qxf6+ Kxf6 29. Nd3 b6 30. f3 Ne3 31. Kf2 Nf5 32. a4 Nd6 33. b3
Nb7 34. Ke3 Ke7 35. Kd4 f6 36. b4 Kd6 37. f4 Nd8 38. b5 axb5 39. axb5 Nb7 40.
c4 Na5 41. Ke4 Nxc4 42. Kd4 Na3 0-1

[Event "SR 1. liga zapad 2012/2013"]
[Site "?"]
[Date "2013.02.03"]
[Round "7.6"]
[White "Detko, Jan"]
[Black "Torotto, Antal"]
[Result "1/2-1/2"]
[WhiteElo "2163"]
[BlackElo "2053"]
[PlyCount "117"]
[EventDate "2012.??.??"]

1. e4 g6 2. Nc3 Bg7 3. Bc4 d6 4. d3 c5 5. f4 Nc6 6. Nf3 a6 7. O-O Na5 8. Bb3
Nxb3 9. axb3 e6 10. Qe1 Ne7 11. Kh1 O-O 12. e5 d5 13. Nb5 Bd7 14. Nd6 Qc7 15.
Bd2 Nc8 16. Nxc8 Raxc8 17. Qh4 Qd8 18. Qxd8 Rfxd8 19. Ba5 Re8 20. d4 Bb5 21.
Rf2 Bh6 22. g3 c4 23. bxc4 Rxc4 24. Bc3 Rec8 25. Kg2 b6 26. h3 a5 27. Nh2 Bf8
28. Ng4 a4 29. Ne3 R4c7 30. Be1 Ra8 31. Kf3 Rca7 32. c3 Bd3 33. Ng4 b5 34. Ke3
Bc4 35. Nf6+ Kg7 36. g4 Be7 37. g5 a3 38. b4 a2 39. Rb2 Ra3 40. Ng4 R8a4 41.
Kd2 Bxb4 42. Rxb4 Rxb4 43. cxb4 Rd3+ 44. Kc2 Rxh3 45. Bd2 Bd3+ 46. Kb2 Bb1 47.
Rxb1 axb1=Q+ 48. Kxb1 Rd3 49. Kc2 Rxd4 50. Nf6 h5 51. gxh6+ Kxh6 52. Ne8 Kh5
53. Nd6 Kg4 54. Nxb5 Rxd2+ 55. Kxd2 Kxf4 56. Nd6 Kxe5 57. Nxf7+ Kd4 58. Nd8 Kc4
59. Nxe6 1/2-1/2

[Event "SR 1. liga zapad 2012/2013"]
[Site "?"]
[Date "2013.02.03"]
[Round "7.6"]
[White "Gazik, Igor"]
[Black "Szegi, Tamas"]
[Result "1-0"]
[WhiteElo "2314"]
[BlackElo "2228"]
[PlyCount "39"]
[EventDate "2012.??.??"]

1. e4 c5 2. Nf3 e6 3. d4 cxd4 4. Nxd4 Nf6 5. Nc3 d6 6. Be2 a6 7. O-O b5 8. Bf3
Ra7 9. Qe2 e5 10. Nf5 Nc6 11. Bg5 Bxf5 12. exf5 Nd4 13. Qd3 h6 14. Bxf6 Qxf6
15. Be4 Qg5 16. a4 b4 17. Nd5 f6 18. Qc4 Be7 19. c3 Qh4 20. f4 1-0

[Event "SR 1. liga zapad 2012/2013"]
[Site "?"]
[Date "2013.02.03"]
[Round "7.6"]
[White "Kaniansky, Miroslav"]
[Black "Darazs, Zoltan"]
[Result "0-1"]
[WhiteElo "2209"]
[BlackElo "2124"]
[PlyCount "66"]
[EventDate "2012.??.??"]

1. d4 Nf6 2. Nf3 g6 3. c4 Bg7 4. Nc3 d5 5. cxd5 Nxd5 6. e4 Nxc3 7. bxc3 c5 8.
Be3 Qa5 9. Qd2 Nc6 10. Rc1 O-O 11. d5 Rd8 12. Bd3 e6 13. c4 Qxd2+ 14. Kxd2 Nd4
15. Rb1 b6 16. Ne1 h6 17. Nc2 f5 18. f3 Bd7 19. Rhe1 Nxc2 20. Bxc2 Rac8 21. Rb3
b5 22. cxb5 exd5 23. exd5 Be6 24. Ra3 Bxd5 25. Kc1 Rb8 26. Rd1 Rxb5 27. Rb3 Ra5
28. Kb1 Kh7 29. a3 c4 30. Rb4 Bc3 31. Rb7+ Kg8 32. Rxa7 Rb5+ 33. Kc1 Bb2+ 0-1

[Event "SR 1. liga zapad 2012/2013"]
[Site "?"]
[Date "2013.02.03"]
[Round "7.6"]
[White "Nagy, Attilla"]
[Black "Garban, Mario"]
[Result "0-1"]
[WhiteElo "1868"]
[BlackElo "1997"]
[PlyCount "96"]
[EventDate "2012.??.??"]

1. e4 e5 2. Nf3 Nc6 3. d4 exd4 4. Nxd4 Bc5 5. Be3 Qf6 6. c3 Nge7 7. Bc4 d5 8.
exd5 Nxd4 9. Bxd4 Bxd4 10. Qxd4 Qxd4 11. cxd4 Nf5 12. Nc3 Nxd4 13. O-O-O Nf5
14. Rhe1+ Kd8 15. d6 Nxd6 16. Nb5 Bd7 17. Nxd6 cxd6 18. Rxd6 Rc8 19. b3 b5 20.
Red1 Rc7 21. Rxd7+ Rxd7 22. Rxd7+ Kxd7 23. Bxb5+ Kd6 24. Kd2 a5 25. a3 Kc5 26.
Bc4 Kd4 27. f3 f6 28. Bf7 Rb8 29. a4 g5 30. Be6 h5 31. Bf7 h4 32. Be6 Rb6 33.
Bf7 f5 34. h3 Rc6 35. Bg8 Rc3 36. Be6 f4 37. Bf7 Rd3+ 38. Kc2 Re3 39. Kd2 Kc5
40. Bg8 Kb4 41. Kc2 Re2+ 42. Kd3 Rxg2 43. Ke4 Rg3 44. Be6 Kc3 45. Kf5 Rxh3 46.
Kxg5 Rxf3 47. Kxh4 Rg3 48. Bd5 Rg7 0-1

[Event "SR 1. liga zapad 2012/2013"]
[Site "?"]
[Date "2013.02.03"]
[Round "7.6"]
[White "Vrablik, Miroslav"]
[Black "Kral, Klaudia"]
[Result "1/2-1/2"]
[WhiteElo "2049"]
[BlackElo "1871"]
[PlyCount "45"]
[EventDate "2012.??.??"]

1. e4 c5 2. Nf3 e6 3. d4 cxd4 4. Nxd4 Nc6 5. Nxc6 bxc6 6. Bd3 d6 7. O-O e5 8.
Kh1 Nf6 9. c4 Be7 10. Nc3 O-O 11. f4 exf4 12. Bxf4 Be6 13. h3 Qb6 14. Qe2 Nd7
15. Nd5 Qd8 16. Nxe7+ Qxe7 17. b3 Ne5 18. Rad1 Rad8 19. Bc2 f6 20. Rd2 Rd7 21.
Rfd1 Rfd8 22. Rd4 Bf7 23. Bh2 1/2-1/2

[Event "SR 1. liga zapad 2012/2013"]
[Site "?"]
[Date "2013.02.03"]
[Round "7.7"]
[White "Bencik, Pavol"]
[Black "Voros, Gellert"]
[Result "0-1"]
[WhiteElo "1978"]
[BlackElo "2031"]
[PlyCount "41"]
[EventDate "2012.??.??"]

1. e4 e5 2. Nf3 Nc6 3. d4 exd4 4. Nxd4 Bc5 5. Be3 Qf6 6. c3 Nge7 7. Be2 Bb6 8.
O-O O-O 9. f4 d5 10. e5 Qg6 11. Bh5 Qe4 12. Rf3 Nxd4 13. cxd4 Nf5 14. Nc3 Nxe3
15. Nxe4 Nxd1 16. Rxd1 dxe4 17. Re3 c5 18. Rxe4 cxd4 19. Kf1 Bf5 20. Re2 d3 21.
Red2 0-1